| 000 | 00713nam a2200205 i 4500 | ||
|---|---|---|---|
| 001 | 75383 | ||
| 003 | ES-MaACL | ||
| 005 | 20250727090524.0 | ||
| 007 | t| | ||
| 008 | 040924s1971 sp ||||1| spa d | ||
| 100 | 1 |
_aGras, J. _959677 |
|
| 245 | 1 | 0 |
_aMecanismos inmunológicos / _cJ. Gras. |
| 250 | _a[1ª ed.]. | ||
| 260 |
_aBarcelona : _bJims, _c[1971] |
||
| 300 |
_aVIII, 115 p. ; _c24 cm. |
||
| 490 | 1 |
_aMonografías del departamento de investigación del Hospital Municipal de Nuestra Señora del Mar ; _v8 |
|
| 830 | 0 | 0 |
_aMonografías del Departamento de Investigación del Hospital Municipal de Nuestra Señora del Mar _v8 _9231253 |
| 852 |
_aES-MaACL _jC-40974 _bR.80273 |
||
| 999 |
_c75383 _d75383 |
||